000 00284nam a2200133Ia 4500
100 _aGnedenko.B.V
942 _cBK
654 _aProbablity
245 _aThe Theory of Probablity
260 _bMir Publishers
_aMoscow
_c1973
082 _a519.2
300 _a392
546 _aENGLISH
999 _c35390
_d35390